Τοπική ανάπτυξη και περιφερειακή πολιτική
Αποθηκεύτηκε σε:
| Κύριος συγγραφέας: | |
|---|---|
| Μορφή: | Βιβλίο |
| Γλώσσα: | Greek |
| Δημοσίευση: |
Αθήνα :
Παπαζήσης,
2001
|
| Θέματα: | |
| Ετικέτες: |
Προσθήκη ετικέτας
Δεν υπάρχουν, Καταχωρήστε ετικέτα πρώτοι!
|
MARC
| LEADER | 00000nam a2200000 i 4500 | ||
|---|---|---|---|
| 001 | 1/53808 | ||
| 008 | 040503s2001 gre d | ||
| 020 | |a 960-02-1524-3 | ||
| 035 | |l 10073158 | ||
| 040 | |a GR-MY-UA |b gre |e aacr | ||
| 041 | 0 | |a gre | |
| 082 | 0 | |a 307.12 |2 (21) | |
| 100 | 1 | |a Χριστοφάκης, Μανώλης Σ. | |
| 245 | 1 | 0 | |a Τοπική ανάπτυξη και περιφερειακή πολιτική / |c Μανώλης Σ. Χριστοφάκης |
| 260 | |a Αθήνα : |b Παπαζήσης, |c 2001 | ||
| 300 | |a 318 σ.; |b εικ., πιν.; |c 24 εκ. | ||
| 504 | |a Περιέχει βιβλιογραφία | ||
| 650 | 0 | 0 | |a Regional planning. |
| 852 | |a INST |b CHIOS |c EUDOXUS |e 20140520 |h 338.9 ΧΡΙ |p 005200036036 |q 005200036036 |t BK |y 0 | ||
| 852 | |a INST |b CHIOS |c EUDOXUS |e 20160914 |h 338.9 ΧΡΙ |p 005200037907 |q 005200037907 |t BK |y 0 | ||
| 852 | |a INST |b LESVOS |e 20040503 |h 307.12 ΧΡΙ |p 005100030686 |q 005100030686 |t BK |y 0 | ||
| 852 | |a INST |b LESVOS |e 20040503 |h 307.12 ΧΡΙ |p 005100030687 |q 005100030687 |t BK |y 0 | ||
| 901 | |a BIBL1-2004-2 | ||
| 901 | |a BIBL2-2014-2 | ||
| 909 | |a Λ |b 111099 | ||
| 909 | |a Χ |b 180734 | ||
| 920 | |a ΠΡΟΓΡΑΜΜΑ ΜΕΤΑΠΤΥΧΙΑΚΩΝ ΣΠΟΥΔΩΝ "ΓΕΩΓΡΑΦΙΑ ΚΑΙ ΕΦΑΡΜΟΣΜΕΝΗ ΠΛΗΡΟΦΟΡΙΚΗ" |y ΛΕΣΒΟΣ |z 2004-04 | ||
| 920 | |a ΕΥΔΟΞΟΣ |b ΠΑΡΑΓΓΕΛΙΑ |y ΧΙΟΣ-ΤΔΕ |z 2014-05 | ||
| 970 | |a ΧΡΙΣΤΟΦΑ |b ΝΙΚΗ |z 2004/05/03 | ||